| 000 | 01189cam a2200361 a 4500 | ||
|---|---|---|---|
| 999 |
_c7475 _d7475 |
||
| 001 | 991004058849706706 | ||
| 003 | OSt | ||
| 005 | 20211201132952.0 | ||
| 008 | 131105s2013 spc ||||| 000 0 spa|c | ||
| 015 |
_aLL2013 _2bnc |
||
| 017 |
_aDL B. 20785-2013 _bBiblioteca de Catalunya |
||
| 020 | _a9788499186498 | ||
| 035 | _a(ES-BaCBU)b58392257-34csuc_network | ||
| 035 | _a(ES-BaCBU).b58392257 | ||
| 035 | _a(ccuc001)b58392257 | ||
| 040 |
_aES-BaCBU _bcat _cCDMR _dES-BaBC |
||
| 043 | _ae-sp--- | ||
| 080 | _a654.197(460) | ||
| 100 | 1 |
_aCubells Pavía, Mariola _93423 |
|
| 245 | 1 | 0 |
_a¿Y tú que miras? : _b[la tele que no ves] / _cMariola Cubells |
| 260 |
_aBarcelona : _bRoca Editorial, _c2013 |
||
| 300 |
_a174 p. ; _c21 cm |
||
| 490 | 1 | _aEldiario.es libros | |
| 650 | 7 |
_aSensacionalisme en la televisió _zEspanya. _2lemac |
|
| 650 | 0 |
_aIndústria de la televisió _zEspanya. _2lemac _94168 |
|
| 650 | 7 |
_aTelevisió _zEspanya. _xAspectes socials _2lemac |
|
| 650 | 7 |
_aDesinformació _2lemac |
|
| 830 | 0 | _aEldiario.es libros | |
| 907 |
_a.b58392257 _b17-02-21 _c05-11-13 _d07-11-13 _em _fa _g- _hspa _ispc _j0 _k0 |
||
| 908 |
_aUAB _aBC _aUPF _aUJI |
||
| 940 | _aBC | ||
| 942 |
_2udc _cMON |
||